[Event "Koege Lang Jubilaeum Weekend"]
[Site "Koge"]
[Date "2022.07.08"]
[Round "5"]
[White "Pedersen, Daniel Vesterbaek"]
[Black "Strange, Mikkel"]
[Result "1-0"]
[WhiteElo "2186"]
[BlackElo "2329"]
[PlyCount "67"]
[EventDate "2022.07.06"]
[EventType "tourn"]
[EventRounds "9"]
[EventCountry "DEN"]

1. e4 e5 2. Nf3 Nc6 3. Bb5 a6 4. Ba4 Nf6 5. O-O Nxe4 6. d4 b5 7. Bb3 d5 8. dxe5
Be6 9. c3 Bc5 10. Bc2 O-O 11. Nbd2 f5 12. Nb3 Bb6 13. Nfd4 Nxd4 14. Nxd4 Bxd4
15. cxd4 f4 16. f3 Ng3 17. Rf2 Qh4 18. Bd3 Nf5 19. Qc2 Nxd4 20. Qc5 Nf5 21.
Bxf5 Bxf5 22. Qxd5+ Kh8 23. Bd2 h6 24. Qc6 Rfe8 25. Re1 Be6 26. b3 Rad8 27. Ba5
Qe7 28. Rc2 Bf5 29. Rce2 Qa3 30. Bxc7 Rc8 31. Qd6 Qxd6 32. exd6 Bd7 33. Re7 Kg8
34. Kf2 1-0

[Event "Koege Lang Jubilaeum Weekend"]
[Site "Koge"]
[Date "2022.07.08"]
[Round "5"]
[White "Thorsbro, Peter"]
[Black "Jacobsen, Mikkel Manosri"]
[Result "1-0"]
[WhiteElo "2171"]
[BlackElo "2309"]
[PlyCount "91"]
[EventDate "2022.07.06"]
[EventType "tourn"]
[EventRounds "9"]
[EventCountry "DEN"]

1. d4 Nf6 2. c4 c5 3. d5 e5 4. Nc3 d6 5. e3 g6 6. Nge2 Bg7 7. Ng3 a6 8. Be2
Nbd7 9. Qc2 O-O 10. f4 b5 11. cxb5 exf4 12. exf4 axb5 13. Bxb5 Re8+ 14. Nge2
Ng4 15. O-O c4 16. h3 Qb6+ 17. Kh1 Ne3 18. Bxe3 Rxe3 19. Bxc4 Nf6 20. Rae1 Nh5
21. Kh2 Bf5 22. Qd2 Rae8 23. Nd1 R3e4 24. Bd3 Rb4 25. Bxf5 gxf5 26. Ng3 Rxe1
27. Rxe1 Nxg3 28. Re8+ Bf8 29. Kxg3 Re4 30. Rxe4 fxe4 31. Qe3 Qb4 32. b3 Bg7
33. Qe2 Kf8 34. Ne3 Qc3 35. Kh2 Bd4 36. Nf5 Qd3 37. Qh5 e3 38. Qh6+ Ke8 39.
Qxh7 e2 40. Qg8+ Kd7 41. Qxf7+ Kc8 42. Nxd6+ Kd8 43. Qe8+ Kc7 44. Qc6+ Kd8 45.
Qc8+ Ke7 46. Qc7+ 1-0

[Event "Koege Lang Jubilaeum Weekend"]
[Site "Koge"]
[Date "2022.07.08"]
[Round "6"]
[White "Meskenas, Paulius"]
[Black "Andersen, Soren Mikkel"]
[Result "0-1"]
[WhiteElo "2168"]
[BlackElo "2139"]
[PlyCount "98"]
[EventDate "2022.07.06"]
[EventType "tourn"]
[EventRounds "9"]
[EventCountry "DEN"]

1. e4 c5 2. c3 Nf6 3. e5 Nd5 4. d4 cxd4 5. Nf3 d6 6. cxd4 Nc6 7. Bc4 Nb6 8. Bb5
dxe5 9. Nxe5 Bd7 10. Bxc6 Bxc6 11. Nxc6 bxc6 12. O-O e6 13. Nc3 Be7 14. Qg4 Bf6
15. Be3 Nd5 16. Ne4 h5 17. Qg3 Qb8 18. Nxf6+ gxf6 19. Qxb8+ Rxb8 20. b3 f5 21.
Bd2 Kd7 22. f4 Nf6 23. Rfc1 Ne4 24. Be1 Rhg8 25. h3 Rg7 26. Rc2 Rc8 27. Rac1
Kd6 28. Rc4 f6 29. Bh4 Rg6 30. R1c2 Rg7 31. Ra4 Rb8 32. Be1 Rgb7 33. Rcc4 Rg7
34. Bb4+ Kd5 35. Rc2 Rbb7 36. Ba3 h4 37. Bf8 Rg8 38. Ba3 Rg3 39. Bb2 Rd3 40.
Kf1 Rd1+ 41. Ke2 Rg1 42. Ra5+ Kd6 43. Ba3+ Kc7 44. Kd3 Kb6 45. Ra4 Rg7 46. Bc5+
Nxc5+ 47. dxc5+ Kb5 48. g4 hxg3 49. Rcc4 a5 0-1

[Event "Koege Lang Jubilaeum Weekend"]
[Site "Koge"]
[Date "2022.07.08"]
[Round "6"]
[White "Hari, Charan Sai Kalluri"]
[Black "Pedersen, Henrik Dahl"]
[Result "0-1"]
[WhiteElo "2041"]
[BlackElo "2230"]
[PlyCount "108"]
[EventDate "2022.07.06"]
[EventType "tourn"]
[EventRounds "9"]
[EventCountry "DEN"]

1. d4 Nf6 2. Nf3 b6 3. g3 Bb7 4. Bg2 e6 5. O-O Be7 6. c4 O-O 7. Nc3 d6 8. Qc2
c5 9. Rd1 cxd4 10. Nxd4 Bxg2 11. Kxg2 Qc7 12. b3 Nbd7 13. e4 a6 14. f3 Rac8 15.
a4 Rfd8 16. Be3 h6 17. Qa2 Qb7 18. Qb2 Ne5 19. Rac1 g5 20. h3 Kh7 21. Qc2 Rg8
22. Kf2 Rg6 23. Rg1 Rcg8 24. g4 Rc8 25. Qb1 Rgg8 26. Rgd1 Ng6 27. Nce2 Ne8 28.
b4 Ng7 29. Qd3 Rgf8 30. Qb1 Kg8 31. Ng3 Nh4 32. Ke2 Bf6 33. Qd3 Be5 34. Rg1 f5
35. gxf5 Bxg3 36. Rxg3 exf5 37. Rgg1 Rce8 38. c5 fxe4 39. fxe4 dxc5 40. bxc5
Rxe4 41. c6 Qe7 42. c7 Nhf5 43. Nxf5 Nxf5 44. Qd5+ Kg7 45. c8=Q Rxe3+ 46. Kd1
Rxc8 47. Rxc8 Re6 48. Kc1 Qa3+ 49. Kb1 Qb4+ 50. Ka1 Qxa4+ 51. Kb1 Qb4+ 52. Ka1
Qd4+ 53. Qxd4+ Nxd4 54. h4 Nf3 0-1

[Event "Koege Lang Jubilaeum Weekend"]
[Site "Koge"]
[Date "2022.07.08"]
[Round "6"]
[White "Strange, Mikkel"]
[Black "Thorsbro, Peter"]
[Result "1/2-1/2"]
[WhiteElo "2329"]
[BlackElo "2171"]
[PlyCount "87"]
[EventDate "2022.07.06"]
[EventType "tourn"]
[EventRounds "9"]
[EventCountry "DEN"]

1. e4 c5 2. Nf3 d6 3. Bb5+ Bd7 4. Bxd7+ Qxd7 5. c4 Nc6 6. O-O g6 7. d4 cxd4 8.
Nxd4 Bg7 9. Be3 Nf6 10. f3 O-O 11. Nc3 e6 12. Rc1 Rfd8 13. Qd2 d5 14. exd5 exd5
15. c5 Re8 16. Bf2 Ne4 17. fxe4 dxe4 18. Nce2 e3 19. Bxe3 Nxd4 20. Bxd4 Rad8
21. Rcd1 Qg4 22. Rf3 Re4 23. h3 Qe6 24. Kf2 Bxd4+ 25. Nxd4 Rexd4 26. Qxd4 Rxd4
27. Rxd4 Qe5 28. Rd8+ Kg7 29. Rd7 Qxc5+ 30. Kg3 Qe5+ 31. Rf4 g5 32. Rdxf7+ Kg6
33. R7f6+ Kh5 34. R6f5 Qxb2 35. h4 h6 36. hxg5 hxg5 37. Rf2 Qd4 38. Kh2 b5 39.
Re2 b4 40. Ree5 Qh4+ 41. Kg1 Qg3 42. Rxg5+ Qxg5 43. Rxg5+ Kxg5 44. Kf2 1/2-1/2

[Event "Koege Lang Jubilaeum Weekend"]
[Site "Koge"]
[Date "2022.07.08"]
[Round "6"]
[White "Birkisson, Bjorn Holm"]
[Black "Jacobsen, Mikkel Manosri"]
[Result "0-1"]
[WhiteElo "2095"]
[BlackElo "2309"]
[PlyCount "118"]
[EventDate "2022.07.06"]
[EventType "tourn"]
[EventRounds "9"]
[EventCountry "DEN"]

1. c4 c5 2. Nc3 Nc6 3. Nf3 g6 4. e3 Nf6 5. d4 cxd4 6. exd4 d5 7. cxd5 Nxd5 8.
Bc4 Nxc3 9. bxc3 Bg7 10. O-O O-O 11. Bf4 Na5 12. Bb3 b6 13. Ne5 Bb7 14. h4 Nxb3
15. axb3 Qd5 16. Qf3 Qxf3 17. Nxf3 Bxf3 18. gxf3 Rfc8 19. Rfc1 h5 20. Ra6 Bf6
21. Bg5 Bxg5 22. hxg5 Kf8 23. Kf1 Rc7 24. Ke2 Rd8 25. Ke3 Rd5 26. f4 Rb5 27.
Ra3 f6 28. gxf6 exf6 29. Kf3 Rd5 30. Raa1 Kg7 31. Kg3 Kh6 32. Kh3 Rb5 33. Rab1
Rf5 34. Kg3 Rg7 35. f3 g5 36. fxg5+ fxg5 37. Rf1 h4+ 38. Kg2 Rf4 39. Rbe1 g4
40. fxg4 Rfxg4+ 41. Kh1 Rg3 42. Re6+ Kh5 43. Re5+ Kg4 44. Rg1 Rxg1+ 45. Kxg1
Kf4+ 46. Kh2 Rg3 47. Re7 Rxc3 48. Rxa7 Ke4 49. Rh7 Kxd4 50. Rxh4+ Kc5 51. Kg2
Rxb3 52. Kf2 Rd3 53. Ke2 Rd5 54. Rg4 b5 55. Rh4 b4 56. Rg4 b3 57. Rg8 Kb4 58.
Rb8+ Rb5 59. Rg8 b2 0-1

[Event "Koege Lang Jubilaeum Weekend"]
[Site "Koge"]
[Date "2022.07.09"]
[Round "7"]
[White "Thorsbro, Peter"]
[Black "Hoi, Carsten"]
[Result "1-0"]
[WhiteElo "2171"]
[BlackElo "2348"]
[PlyCount "83"]
[EventDate "2022.07.06"]
[EventType "tourn"]
[EventRounds "9"]
[EventCountry "DEN"]

1. d4 g6 2. Nf3 Bg7 3. g3 Nf6 4. Bg2 O-O 5. O-O d6 6. c4 Bg4 7. Qb3 Qc8 8. Ne5
c6 9. Nxg4 Nxg4 10. h3 Nf6 11. e4 Nbd7 12. f4 Qc7 13. e5 Ne8 14. Nc3 Qb6 15.
Be3 Nc7 16. Qc2 dxe5 17. Na4 Qa6 18. dxe5 Nb6 19. Nxb6 axb6 20. b3 b5 21. cxb5
Qxb5 22. a4 Qa5 23. Bc5 Rae8 24. Rfd1 Ne6 25. b4 Qc7 26. Bf2 Kh8 27. Qc4 Rd8
28. a5 Rxd1+ 29. Rxd1 Kg8 30. Bb6 Qc8 31. b5 g5 32. a6 bxa6 33. bxa6 gxf4 34.
a7 Qb7 35. Qxc6 Qa6 36. a8=Q Qe2 37. Qaa4 fxg3 38. Qf3 Qxe5 39. Be3 Rc8 40. Qd7
Rf8 41. Qxe7 Nd4 42. Qxf8+ 1-0

[Event "Koege Lang Jubilaeum Weekend"]
[Site "Koge"]
[Date "2022.07.09"]
[Round "7"]
[White "Pedersen, Daniel Vesterbaek"]
[Black "Meskenas, Paulius"]
[Result "1/2-1/2"]
[WhiteElo "2186"]
[BlackElo "2168"]
[PlyCount "75"]
[EventDate "2022.07.06"]
[EventType "tourn"]
[EventRounds "9"]
[EventCountry "DEN"]

1. e4 e5 2. Nf3 Nc6 3. Bb5 a6 4. Ba4 Nf6 5. O-O Nxe4 6. d4 b5 7. Bb3 d5 8. dxe5
Be6 9. c3 Bc5 10. Nbd2 O-O 11. Bc2 f5 12. Nb3 Bb6 13. Nfd4 Nxd4 14. Nxd4 Qd7
15. f3 Nc5 16. Bf4 Nb7 17. Qd2 c5 18. Nxe6 Qxe6 19. Kh1 Rad8 20. Rad1 Na5 21.
b3 d4 22. Qe1 Nc6 23. Bg5 Rd7 24. f4 Ne7 25. cxd4 Rxd4 26. Rxd4 cxd4 27. b4 Kh8
28. Bb3 Qd7 29. e6 Qd6 30. a3 h6 31. Bh4 Re8 32. Qd2 Ng6 33. Bf2 Qxf4 34. Qxf4
Nxf4 35. Bxd4 Bxd4 36. Rxf4 Bf6 37. Rxf5 Bb2 38. Rf2 1/2-1/2

[Event "Koege Lang Jubilaeum Weekend"]
[Site "Koge"]
[Date "2022.07.09"]
[Round "7"]
[White "Andersen, Soren Mikkel"]
[Black "Hari, Charan Sai Kalluri"]
[Result "1-0"]
[WhiteElo "2139"]
[BlackElo "2041"]
[PlyCount "113"]
[EventDate "2022.07.06"]
[EventType "tourn"]
[EventRounds "9"]
[EventCountry "DEN"]

1. d4 d5 2. c4 e5 3. dxe5 d4 4. Nf3 Nc6 5. a3 Bg4 6. Nbd2 Qe7 7. g3 Nxe5 8.
Nxe5 Qxe5 9. Bg2 O-O-O 10. Nf3 Qc5 11. O-O f6 12. Qa4 Bd7 13. Qb3 Bc6 14. Qa2
g5 15. b4 Qf5 16. Rd1 Bxf3 17. Bxf3 h5 18. Qb1 Qe6 19. Qe4 Qxe4 20. Bxe4 Be7
21. c5 Nh6 22. Bb2 f5 23. Bg2 Bf6 24. e3 Rd7 25. Rd3 Rhd8 26. Re1 dxe3 27. Rxd7
Rxd7 28. Bxf6 exf2+ 29. Kxf2 Ng4+ 30. Kf1 Nxf6 31. Re5 Ng4 32. Re8+ Rd8 33.
Bxb7+ Kd7 34. Bc6+ Kc8 35. Rxd8+ Kxd8 36. h4 gxh4 37. gxh4 Ne5 38. Bb5 Ng6 39.
Be2 Nxh4 40. Bxh5 Kd7 41. Kf2 f4 42. Bf7 Nf5 43. Kf3 Nd4+ 44. Kxf4 Nc2 45. Ke5
c6 46. Bg6 Nxa3 47. Bd3 Kc7 48. Ke6 Nb5 49. Bxb5 cxb5 50. Kd5 a6 51. c6 a5 52.
bxa5 b4 53. a6 b3 54. a7 b2 55. a8=Q b1=Q 56. Qa7+ Kc8 57. Qd7+ 1-0

[Event "Koege Lang Jubilaeum Weekend"]
[Site "Koge"]
[Date "2022.07.09"]
[Round "7"]
[White "Pedersen, Henrik Dahl"]
[Black "Birkisson, Bjorn Holm"]
[Result "1-0"]
[WhiteElo "2230"]
[BlackElo "2095"]
[PlyCount "57"]
[EventDate "2022.07.06"]
[EventType "tourn"]
[EventRounds "9"]
[EventCountry "DEN"]

1. e4 e5 2. Bc4 Nf6 3. d3 Bc5 4. Nf3 Nc6 5. Nc3 h6 6. a3 a5 7. Be3 Bxe3 8. fxe3
O-O 9. O-O d6 10. Qe1 Be6 11. Nh4 Bxc4 12. dxc4 g6 13. Qg3 Nh5 14. Qh3 Ne7 15.
Nf5 Nxf5 16. exf5 Kg7 17. fxg6 fxg6 18. Rxf8 Qxf8 19. Rf1 Qc8 20. Qf3 Qe6 21.
Qxb7 Rd8 22. Qxc7+ Rd7 23. Qxa5 Qxc4 24. Qd5 Qg4 25. Ne4 Qe2 26. Qd3 Qg4 27. c4
Rb7 28. b4 Ra7 29. b5 1-0

[Event "Koege Lang Jubilaeum Weekend"]
[Site "Koge"]
[Date "2022.07.09"]
[Round "7"]
[White "Jacobsen, Mikkel Manosri"]
[Black "Strange, Mikkel"]
[Result "1-0"]
[WhiteElo "2309"]
[BlackElo "2329"]
[PlyCount "121"]
[EventDate "2022.07.06"]
[EventType "tourn"]
[EventRounds "9"]
[EventCountry "DEN"]

1. d4 d5 2. c4 e6 3. Nf3 c5 4. cxd5 exd5 5. g3 Nc6 6. Bg2 Nf6 7. O-O Be7 8. Nc3
O-O 9. dxc5 Bxc5 10. Na4 Be7 11. Be3 Re8 12. Rc1 Bg4 13. h3 Bf5 14. Nd4 Nxd4
15. Qxd4 Qd7 16. g4 Be4 17. Rfd1 Rad8 18. f3 Bg6 19. Bf4 Bd6 20. Bxd6 Qxd6 21.
e4 Qe7 22. e5 Nd7 23. f4 Be4 24. Rc7 Qh4 25. Qf2 Qxf2+ 26. Kxf2 Bxg2 27. Kxg2
Nf8 28. Rxb7 g5 29. f5 Rxe5 30. Nc3 d4 31. Rb4 d3 32. Re4 Ra5 33. Re3 Rb8 34.
Rd2 Nd7 35. Rexd3 Nf6 36. Rd8+ Rxd8 37. Rxd8+ Kg7 38. Kf3 h5 39. Rd4 Rc5 40.
Ra4 Rc7 41. Ke3 h4 42. Kd3 Re7 43. Ne4 Nd7 44. f6+ Nxf6 45. Nxg5 Nd5 46. Kd4
Nf4 47. Nf3 Rd7+ 48. Kc4 Nxh3 49. Nxh4 Nf2 50. Nf5+ Kf6 51. Ne3 Ke5 52. Kc5
Rc7+ 53. Kb5 Ne4 54. Nc4+ Kd5 55. Na5 Rc8 56. Nb7 Rb8 57. Rxa7 Nd6+ 58. Kb6 Ke6
59. Ka6 Ne4 60. b4 Kf6 61. Kb6 1-0

[Event "Koege Lang Jubilaeum Weekend"]
[Site "Koge"]
[Date "2022.07.09"]
[Round "8"]
[White "Hoi, Carsten"]
[Black "Jacobsen, Mikkel Manosri"]
[Result "1/2-1/2"]
[WhiteElo "2348"]
[BlackElo "2309"]
[PlyCount "47"]
[EventDate "2022.07.06"]
[EventType "tourn"]
[EventRounds "9"]
[EventCountry "DEN"]

1. d4 d5 2. c4 e6 3. Nc3 Nf6 4. Bg5 Be7 5. e3 O-O 6. Nf3 b6 7. Rc1 Bb7 8. Bxf6
Bxf6 9. cxd5 exd5 10. b4 c6 11. Bd3 Nd7 12. O-O c5 13. bxc5 bxc5 14. Ne2 c4 15.
Bb1 Bc6 16. g3 Rb8 17. Nc3 Qa5 18. h4 Rb2 19. Ng5 g6 20. Qg4 Rfb8 21. h5 Nf8
22. hxg6 hxg6 23. Nf3 Qc7 24. Kg2 1/2-1/2

[Event "Koege Lang Jubilaeum Weekend"]
[Site "Koge"]
[Date "2022.07.09"]
[Round "8"]
[White "Hari, Charan Sai Kalluri"]
[Black "Pedersen, Daniel Vesterbaek"]
[Result "1/2-1/2"]
[WhiteElo "2041"]
[BlackElo "2186"]
[PlyCount "59"]
[EventDate "2022.07.06"]
[EventType "tourn"]
[EventRounds "9"]
[EventCountry "DEN"]

1. d4 Nf6 2. Nf3 e6 3. g3 b5 4. Bg2 Bb7 5. O-O c5 6. c3 cxd4 7. cxd4 Be7 8. a3
O-O 9. Nc3 a6 10. Qd3 d5 11. Ne5 Nc6 12. f4 b4 13. axb4 Nxb4 14. Qd1 Ne4 15.
Qb3 a5 16. Be3 Nd6 17. Na4 Ba6 18. Bf3 Rb8 19. Nc5 Bb5 20. Rfc1 Na6 21. Nxa6
Bxa6 22. Qc3 Bb5 23. Qxa5 Qxa5 24. Rxa5 f6 25. Nc6 Bxc6 26. Rxc6 Rxb2 27. Ra7
Re8 28. Rxe7 Rxe7 29. Rxd6 f5 30. Rc6 1/2-1/2

[Event "Koege Lang Jubilaeum Weekend"]
[Site "Koge"]
[Date "2022.07.09"]
[Round "8"]
[White "Pedersen, Henrik Dahl"]
[Black "Andersen, Soren Mikkel"]
[Result "0-1"]
[WhiteElo "2230"]
[BlackElo "2139"]
[PlyCount "106"]
[EventDate "2022.07.06"]
[EventType "tourn"]
[EventRounds "9"]
[EventCountry "DEN"]

1. e4 c5 2. Nf3 d6 3. d4 cxd4 4. Nxd4 Nf6 5. Nc3 a6 6. f3 e6 7. Be3 b5 8. g4
Bb7 9. Qd2 Nfd7 10. O-O-O Nb6 11. a3 N8d7 12. h4 Ne5 13. Bf2 Nec4 14. Bxc4 Nxc4
15. Qd3 Rc8 16. f4 Qc7 17. Nde2 Be7 18. g5 O-O 19. Rhf1 Qa5 20. Be1 b4 21. Na2
Qb6 22. Bf2 Qc7 23. axb4 Rfd8 24. Kb1 a5 25. b5 a4 26. Rc1 Bxe4 27. Qc3 Qb7 28.
Ng3 d5 29. Nxe4 dxe4 30. Rfd1 Rxd1 31. Rxd1 Na3+ 32. bxa3 Rxc3 33. Nxc3 f5 34.
b6 Qc6 35. Bd4 Bd8 36. Ka2 Bxb6 37. Bxb6 Qxc3 38. Rd8+ Kf7 39. Kb1 e3 40. Rd3
Qe1+ 41. Kb2 e2 42. h5 Qd1 43. Ba5 e1=Q 44. Bxe1 Qxe1 45. Rd7+ Kf8 46. Rd8+ Ke7
47. Rh8 h6 48. Rh7 hxg5 49. fxg5 Qe5+ 50. Kb1 Kf8 51. Rh8+ Kf7 52. Rh7 Qb8+ 53.
Ka2 Kg8 0-1

[Event "Koege Lang Jubilaeum Weekend"]
[Site "Koge"]
[Date "2022.07.09"]
[Round "8"]
[White "Birkisson, Bjorn Holm"]
[Black "Strange, Mikkel"]
[Result "1-0"]
[WhiteElo "2095"]
[BlackElo "2329"]
[PlyCount "59"]
[EventDate "2022.07.06"]
[EventType "tourn"]
[EventRounds "9"]
[EventCountry "DEN"]

1. d4 d5 2. c4 e6 3. Nf3 Nf6 4. g3 Be7 5. Bg2 O-O 6. O-O b6 7. Nc3 Bb7 8. cxd5
exd5 9. b3 Nbd7 10. Ne5 Re8 11. Bb2 c6 12. Rc1 Rc8 13. Rc2 Bb4 14. Bh3 Rc7 15.
Nxd7 Nxd7 16. Qc1 Nf6 17. Nb5 Rce7 18. Nxa7 Rxe2 19. Nxc6 Bxc6 20. Rxc6 h5 21.
Ba3 Bd2 22. Qd1 Qa8 23. Rc2 Qxa3 24. Rxd2 Qa6 25. a4 Rxd2 26. Qxd2 Re2 27. Qd1
Ne4 28. Bc8 Qxc8 29. Qxe2 Qc3 30. Qe3 1-0

[Event "Koege Lang Jubilaeum Weekend"]
[Site "Koge"]
[Date "2022.07.10"]
[Round "9"]
[White "Strange, Mikkel"]
[Black "Hoi, Carsten"]
[Result "1/2-1/2"]
[WhiteElo "2329"]
[BlackElo "2348"]
[PlyCount "130"]
[EventDate "2022.07.06"]
[EventType "tourn"]
[EventRounds "9"]
[EventCountry "DEN"]

1. e4 e6 2. d4 d5 3. Nc3 Nf6 4. e5 Nfd7 5. Nce2 c5 6. c3 Nc6 7. f4 Be7 8. Nf3
f5 9. Be3 c4 10. Ng5 Nf8 11. Ng1 h6 12. N5h3 b5 13. a3 Na5 14. Be2 Nb3 15. Rb1
a5 16. Bh5+ g6 17. Bf3 b4 18. axb4 axb4 19. Ne2 Bd7 20. O-O Bc6 21. g4 Kd7 22.
Kh1 Kc7 23. Rg1 Qe8 24. Nf2 Nd7 25. Ng3 Rg8 26. cxb4 Bxb4 27. Nd3 Be7 28. Nc1
Rb8 29. Nxb3 Rxb3 30. Bd2 Qb8 31. Ba5+ Kc8 32. Rg2 Qb5 33. Bc3 Kb8 34. Nf1 Qb7
35. gxf5 exf5 36. Ne3 Bb4 37. Rc1 Nb6 38. Nxf5 Rf8 39. Bxb4 Rxb4 40. Nd6 Qh7
41. Qd2 Rb3 42. Bd1 Rd3 43. Qb4 Qc7 44. Bc2 Rxd4 45. Nb5 Bxb5 46. Qxf8+ Kb7 47.
Rxg6 c3 48. Qa3 Rxf4 49. Qxc3 Rc4 50. Qe3 Bc6 51. Kg1 d4 52. Qg3 Qd8 53. Rxc6
Kxc6 54. Be4+ Kc7 55. Qg7+ Qd7 56. Rxc4+ Nxc4 57. Qxd7+ Kxd7 58. Bf5+ Ke7 59.
b3 Nxe5 60. Kf2 Kf6 61. Be4 Kg5 62. Kg3 d3 63. h4+ Kf6 64. Kf4 d2 65. Bc2 Ng6+
1/2-1/2

[Event "Koege Lang Jubilaeum Weekend"]
[Site "Koge"]
[Date "2022.07.10"]
[Round "9"]
[White "Thorsbro, Peter"]
[Black "Hari, Charan Sai Kalluri"]
[Result "0-1"]
[WhiteElo "2171"]
[BlackElo "2041"]
[PlyCount "72"]
[EventDate "2022.07.06"]
[EventType "tourn"]
[EventRounds "9"]
[EventCountry "DEN"]

1. d4 d5 2. Nf3 Nf6 3. g3 c6 4. Bg2 Bf5 5. O-O h6 6. c4 e6 7. Nc3 Nbd7 8. Nd2
Be7 9. e4 dxe4 10. Ndxe4 Nxe4 11. Nxe4 Nf6 12. Nc3 O-O 13. Bf4 Qa5 14. a3 Rfd8
15. b4 Qa6 16. b5 cxb5 17. Nxb5 Rac8 18. Qe2 Qa4 19. c5 Nd5 20. Bxd5 Rxd5 21.
Nc3 Qxd4 22. Nxd5 Qxd5 23. Rfd1 Qc6 24. Bd6 Bf6 25. Rac1 Be4 26. Qf1 Bf3 27.
Rd3 Bd5 28. f4 Bb2 29. Rc2 Bf6 30. Rc1 Qa4 31. Qe2 Bd4+ 32. Kf1 b6 33. f5 bxc5
34. fxe6 Bxe6 35. Kg2 Qc6+ 36. Kf1 Qh1# 0-1

[Event "Koege Lang Jubilaeum Weekend"]
[Site "Koge"]
[Date "2022.07.10"]
[Round "9"]
[White "Andersen, Soren Mikkel"]
[Black "Birkisson, Bjorn Holm"]
[Result "1/2-1/2"]
[WhiteElo "2139"]
[BlackElo "2095"]
[PlyCount "135"]
[EventDate "2022.07.06"]
[EventType "tourn"]
[EventRounds "9"]
[EventCountry "DEN"]

1. d4 d5 2. c4 c6 3. Nf3 Nf6 4. Nc3 e6 5. Bg5 h6 6. Bh4 dxc4 7. e4 g5 8. Bg3 b5
9. Be2 Bb7 10. h4 g4 11. Ne5 Rg8 12. Bxg4 Nbd7 13. Nxd7 Qxd7 14. Bf3 O-O-O 15.
Qd2 c5 16. Qf4 Rxg3 17. fxg3 cxd4 18. O-O-O b4 19. Ne2 d3 20. Qxf6 Qa4 21. Kb1
Qc2+ 22. Ka1 c3 23. Nxc3 bxc3 24. Qxc3+ Qxc3 25. bxc3 d2 26. Rhf1 Bc5 27. Kb2
Bc6 28. e5 Ba4 29. Rb1 Bb5 30. Bh5 Bxf1 31. Rxf1 Rd3 32. Rd1 Rxg3 33. Rxd2 Re3
34. Bxf7 Rxe5 35. h5 Kc7 36. Kb3 Bd6 37. Bg6 Rb5+ 38. Kc2 Ba3 39. Kd3 Rd5+ 40.
Ke2 Rxd2+ 41. Kxd2 Be7 42. Kd3 Bf6 43. Kc4 Kd6 44. Kb4 Kc6 45. Bf7 e5 46. Bg6
Be7+ 47. Kc4 Bc5 48. Kd3 Kd5 49. Bf7+ Kd6 50. Ke4 Ba3 51. Bg6 Bc1 52. a4 a5 53.
Bf5 Bg5 54. Bg4 Bf4 55. Bf3 Bg5 56. Be2 Bf4 57. Bb5 Bg5 58. Bc4 Bf4 59. Bb3 Bg5
60. g4 Bf4 61. Kf5 Bg5 62. Bc2 Bd2 63. Be4 Bg5 64. c4 Bf4 65. Bd5 Bg5 66. Bg8
Bf4 67. Bf7 Bg5 68. Be8 1/2-1/2